Stained Glass Celebrities Quiz Stats

 Plays Quiz Updated May 8, 2019

Score 0/16 Timer 05:00
16 Plays Today
% Correct
Elvis Presley
99.2%
Bob Marley
96.1%
John Lennon
91.1%
Mr. T
90.2%
Charlie Chaplin
89.3%
Audrey Hepburn
83.9%
Marilyn Monroe
78.6%
Steven Tyler
77.4%
% Correct
Sean Connery
76.9%
John Wayne
76.3%
Salvador Dalí
75.5%
Willie Nelson
72.3%
Luciano Pavarotti
71.2%
Edgar Allan Poe
65.1%
Dean Martin
52.4%
Jerry Garcia
49.1%

You're not logged in!

Compare scores with friends on all Sporcle quizzes.
OR
Log In

Show Comments

Extras

Top Quizzes Today


Score Distribution

Your Account Isn't Verified!

In order to create a playlist on Sporcle, you need to verify the email address you used during registration. Go to your Sporcle Settings to finish the process.

Report this User

Report this user for behavior that violates our Community Guidelines.

Details: